000 00222 a2200097 4500
001 11274
100 _aHarkabi, Y.
245 _aArab Strategies and Israel's Respo
260 _a
_bCollier Macmillan
_c
090 _c8826
_d8826
942 _aNUST-CAE
_c
_c35629
999 _c246347
_d246347